000 00794nam a22001937a 4500
003 BUBTL
008 240510b ||||| |||| 00| 0 eng d
041 _aবাংলা ও ইংরেজী
082 _2১ম সং
_a346.013/ H7949i/ 2007
100 _95412
_aঅধ্যক্ষ মোঃ আলতাফ হোসেন
245 _aMaxwell -এর আলোকে - বিধিবদ্ধ আইনের ব্যাখ্যা/
_bঅধ্যক্ষ মোঃ আলতাফ হোসেন
250 _a১ম সং
260 _aঢাকা,
_bইউনির্ভাসির্টি পাবলিকেশন্স
_cc007
300 _a[11], 243 p. :
_bill. ; 21 cm.
526 _aLaw
650 0 _92102
_aLaw
856 _k0
_l0
_yDownload
942 _2ddc
_cBK
999 _c7318
_d7318